Byting BackA-Regaining Information Superiority Against 21st-Century Insurgents (Record no. 351825)
[ view plain ]
| 000 -LEADER | |
|---|---|
| fixed length control field | 00677nam a2200121Ia 4500 |
| 008 - FIXED-LENGTH DATA ELEMENTS--GENERAL INFORMATION | |
| fixed length control field | 171212s9999 xx 000 0 und d |
| 020 ## - INTERNATIONAL STANDARD BOOK NUMBER | |
| International Standard Book Number | 9780833041890 |
| 100 ## - MAIN ENTRY--PERSONAL NAME | |
| Personal name | Libicki, Martin C.;Gompert, David C.;Frelinger, David R.;Smith, Raymond;David C. Gompert, ;David R. Frelinger, ;Raymond Smith, |
| 245 ## - TITLE STATEMENT | |
| Statement of responsibility, etc | Libicki, Martin C.;Gompert, David C.;Frelinger, David R.;Smith, Raymond;David C. Gompert, ;David R. Frelinger, ;Raymond Smith, |
| Title | Byting BackA-Regaining Information Superiority Against 21st-Century Insurgents |
| Remainder of title | RAND Counterinsurgency StudyA-Volume 1 |
| 260 ## - PUBLICATION, DISTRIBUTION, ETC. (IMPRINT) | |
| Name of publisher, distributor, etc | RAND Corporation |
| Date of publication, distribution, etc | 2007 |
| 650 ## - SUBJECT ADDED ENTRY--TOPICAL TERM | |
| Topical term or geographic name as entry element | Political Science |
| 856 ## - ELECTRONIC LOCATION AND ACCESS | |
| Uniform Resource Identifier | <a href="www.jstor.org/stable/10.7249/mg595-1osd">www.jstor.org/stable/10.7249/mg595-1osd</a> |
| Withdrawn status | Lost status | Damaged status | Home library | Current library | Date acquired | Total Checkouts | Date last seen | Price effective from | Koha item type |
|---|---|---|---|---|---|---|---|---|---|
| College Library | College Library | 12/12/2017 | 12/12/2017 | 12/12/2017 | Curriculum - Based eBooks |